Financianción de empresas (Record no. 55390)

MARC details
000 -LEADER
campo de control de longitud fija 00856nam a2200229 i 4500
001 - NÚMERO DE CONTROL
campo de control 55390
003 - IDENTIFICADOR DE NÚMERO DE CONTROL
campo de control ES-MaACL
005 - FECHA Y HORA DE LA ÚLTIMA TRANSACCIÓN
campo de control 20250902030018.0
007 - CAMPO FIJO DE DESCRIPCIÓN FÍSICA--INFORMACIÓN GENERAL
campo de control de longitud fija t|
008 - DATOS DE LONGITUD FIJA--INFORMACIÓN GENERAL
campo de control de longitud fija 030918s1968 sp ||||1| spa d
100 1# - ENTRADA PRINCIPAL--NOMBRE DE PERSONA
Nombre de persona Depallens, Georges.
9 (RLIN) 43750
245 10 - MENCIÓN DEL TÍTULO
Título Financianción de empresas
Resto del título : Primera parte : Casos prácticos /
Mención de responsabilidad, etc. Georges Depallens ; traducido por A. Ibáñez. 2ª parte: Fuentes, José María Tobar.
260 ## - PUBLICACIÓN, DISTRIBUCIÓN, ETC.
Lugar de publicación, distribución, etc. Bilbao :
Nombre del editor, distribuidor, etc. Deusto,
Fecha de publicación, distribución, etc. [1968]
300 ## - DESCRIPCIÓN FÍSICA
Extensión 152 p. ;
Dimensiones 21 cm.
490 1# - MENCIÓN DE SERIE
Mención de serie Manuales prácticos de gestión de empresas: Serie E ;
Designación de volumen o secuencia 4
650 #4 - PUNTO DE ACCESO ADICIONAL DE MATERIA--TÉRMINO DE MATERIA
Término de materia o nombre geográfico como elemento de entrada Dirección financiera.
9 (RLIN) 168988
700 0# - ENTRADA AGREGADA--NOMBRE PERSONAL
Nombre de persona Ibáñez, Ana.
9 (RLIN) 64902
700 1# - ENTRADA AGREGADA--NOMBRE PERSONAL
Nombre de persona Tobar, José María.
9 (RLIN) 110371
830 00 - PUNTO DE ACCESO ADICIONAL DE SERIE-TÍTULO UNIFORME
Título uniforme Manuales prácticos de gestión de empresas (Deusto)
Designación de volumen o secuencia 4
9 (RLIN) 220714
852 ## - LOCALIZACIÓN
Ubicación ES-MaACL
Número de control de estantería C-48447
Sublocalización o colección R.72369
Holdings
Estatus retirado Estado de pérdida Estado de daño No para préstamo Biblioteca de origen Biblioteca actual Ubicación en estantería Fecha de adquisición Fuente de adquisición Total de préstamos Signatura topográfica completa Código de barras Visto por última vez Precio de reemplazo Tipo de ítem Koha
        Biblioteca del Ateneo de Madrid Biblioteca del Ateneo de Madrid Depósito 2 17/01/2008     C-48447 1058196 23/02/2023 23/02/2023 Libro impreso